00329nam a2200133Ia 4500008004100000020001500041041001200056082001600068100001500084245004700099260002500146300000800171650001600179221030s9999 xx 000 0 und d a0070434727 aEnglish a105.23bPos aG. V. Post 0aDatabase Management Systemscby G. V. Post bTMHaNew Delhic2000 a508 aBE Computer